A Szegedi Tudományegyetem Állam- és Jogtudományi Kar évkönyve 2004

Elmentve itt :
Bibliográfiai részletek
További közreműködők: Kiss Endre
Dokumentumtípus: Könyv
Megjelent: Szegedi Tudományegyetem Állam- és Jogtudományi Kar Hallgatói Önkormányzata Szeged, Magyarország 2004
Sorozat:A Szegedi Tudományegyetem Állam- és Jogtudományi Karának évkönyve
Kulcsszavak:Szeged - egyetem - jogtudomány - évkönyv
Online Access:http://univ.bibl.u-szeged.hu/59255
LEADER 00766nam a2200181 i 4500
001 univ59255
005 20210615142539.0
008 210611s2004 hu o 0|| hun d
040 |a SZTE UnivHistória Repozitórium  |b hun 
041 |a hun 
245 0 2 |a A Szegedi Tudományegyetem Állam- és Jogtudományi Kar évkönyve 2004  |h [elektronikus dokumentum] 
260 |a Szegedi Tudományegyetem Állam- és Jogtudományi Kar Hallgatói Önkormányzata  |b Szeged, Magyarország  |c 2004 
300 |a 100 
490 0 |a A Szegedi Tudományegyetem Állam- és Jogtudományi Karának évkönyve 
561 |a Évkönyv 
695 |a Szeged - egyetem - jogtudomány - évkönyv 
700 0 1 |a Kiss Endre 
856 4 0 |u http://univ.bibl.u-szeged.hu/59255/1/ajtk_evkonyv_2004.pdf  |z Dokumentum-elérés